| 000 | 01863nam0a2200385 4500 | ||
|---|---|---|---|
| 001 | RU\NLR\bibl\981919 | ||
| 005 | 20260409072401.0 | ||
| 010 |
_a5-9734-0038-7 _9100 |
||
| 021 |
_aRU _b2006-40223 _92017 |
||
| 035 | _a(nilc)RSL-KNO-002908008 | ||
| 035 | _a(NLR Aleph) 000969807 | ||
| 090 |
_a392019 _c392019 |
||
| 100 | _a20060710d2006 |||y0rusy50 ca | ||
| 101 | 0 | _arus | |
| 102 | _aRU | ||
| 105 | _ay ||||||||| | ||
| 106 | _ar | ||
| 200 | 1 |
_aАктуальные проблемы современного образования _eматериалы XIII Междунар. науч.-практической конф., 12-13 мая 2006 г. _f[редкол.: Прядехо А. А. и др.] |
|
| 210 |
_aБрянск _cРИО БГУ _d2006 |
||
| 215 |
_a280 с. _cил., табл. _d20 |
||
| 300 | _aВ надзаг.: Федеральное агентство по образованию, Российская акад. образования, Брянский гос. ун-т им. акад. И. Г. Петровского | ||
| 320 | _aБиблиогр. в конце ст. | ||
| 606 |
_aОбразование _jСъезды, совещания и т.п. _91614809 _3RU\NLR\auth\661010307 |
||
| 610 | 0 | _aКультура. Наука. Просвещение -- Народное образование. Педагогические науки -- Педагогика -- Материалы конференции | |
| 686 |
_aЧ30я431(0) _2rubbk |
||
| 686 | _aЧ34я431 | ||
| 702 | 1 |
_aПрядехо _bА. А. _gАлексей Анатольевич _4340 |
|
| 712 | 0 | 2 |
_4570 _aРоссийская академия образования _9374191 _3RU\NLR\AUTH\889939667 |
| 801 | 0 |
_aRU _bРКП _c20060710 _grcr |
|
| 801 | 1 |
_aRU _bРГБ _c20060710 |
|
| 801 | 2 |
_aRU _bNLR _c20060908 _grcr |
|
| 942 | _cBOOK | ||
| 980 | _aNB | ||
| 980 | _aNBR | ||